Children's history of India

Salvato in:
Dettagli Bibliografici
Natura: Libro
Lingua:inglese
Pubblicazione: s.l Ministry of Information 1960
Soggetti:
Tags: Aggiungi Tag
Nessun Tag, puoi essere il primo ad aggiungerne!!

MARC

LEADER 00000nam a2200000 a 4500
001 UCO2296
003 CL-VaPUC
008 000602e19600000ii |||||||||||||||||eng|d
082 0 4 |a 954  |b CHI  |2 21 
245 1 0 |a Children's history of India 
300 |a 164 p 
942 |c BK 
945 |d 20000602 00:00:00  |a rherrera 
260 |a s.l  |b Ministry of Information  |c 1960 
650 7 |a HISTORIA DE LA INDIA  |2 CL-VaPUC  |9 438922 
650 7 |a ORIGENES  |2 CL-VaPUC  |9 367418 
650 0 |a Historia antigua  |9 267521 
650 0 |a Musulmanes  |9 332296 
650 7 |a COLONIAS INGLESAS  |2 CL-VaPUC  |9 433674 
650 0 |a Islamismo  |9 314084 
650 7 |a EMPERADORES  |2 CL-VaPUC  |9 333943 
651 0 |a India  |9 267804 
583 |a last modification  |c 20171123 02:30:54  |k Rodrigo Vera 
999 |c 288832  |d 288830 
952 |0 0  |1 0  |4 0  |6 954_000000000000000_CHI_1960  |7 0  |8 A  |9 336774  |a BIBHIS  |b BIBHIS  |d 2019-11-20  |i 1284754  |o 954 CHI 1960  |p 1284754  |r 2025-01-20  |w 2019-11-20  |y BK  |k HIS